All Cities on a Map by Letter - G - Statistics

General Stats
  • This quiz has been taken 11 times
  • The average score is 104 of 1764
Answers on the Map
Answers color-coded by a green-red scale on the quiz's map according to % correct below.
 
Answer Stats
Country City population City % Correct
United States 27381 Green
100%
India 14323 Gua
100%
United Kingdom 626410 Glasgow
90%
United States 16095 Glasgow
90%
United States 15141 Glasgow
90%
China 10000 Gar
80%
China 26940000 Guangzhou
80%
United States 219946 Gainesville
70%
United States 182116 Gainesville
70%
United States 18036 Gainesville
70%
United States 17688 Gainesville
70%
Iran 24433 Gaz
70%
Poland 749786 Gdańsk
70%
Switzerland 203840 Geneva
70%
United States 21299 Geneva
70%
United States 12573 Geneva
70%
Italy 558745 Genoa
70%
India 19881 Gil
70%
Egypt 5598402 Giza
70%
Sweden 674529 Gothenburg
70%
Norway 13568 Gran
70%
United States 345858 Greensboro
70%
United States 408626 Greenville
70%
United States 120595 Greenville
70%
United States 29936 Greenville
70%
United States 28833 Greenville
70%
Liberia 16434 Greenville
70%
United States 12911 Greenville
70%
United States 12748 Greenville
70%
United States 9586 Greenville
70%
United States 8897 Greenville
70%
United States 8586 Greenville
70%
Gaza Strip 590481 Gaza
60%
South Africa 157394 George
60%
Malaysia 708127 George Town
60%
Cayman Islands 27704 George Town
60%
Guyana 235017 Georgetown
60%
United States 78803 Georgetown
60%
Canada 44058 Georgetown
60%
United States 38206 Georgetown
60%
United States 11606 Georgetown
60%
United States 8511 Georgetown
60%
Australia 222 Georgetown
60%
Saint Helena, Ascension, and Tristan da Cunha 200 Georgetown
60%
Libya 22000 Ghāt
60%
United Kingdom 145563 Gloucester
60%
United States 65961 Gloucester
60%
United States 29862 Gloucester
60%
India 9453 Gold
60%
Spain 232717 Granada
60%
Nicaragua 105862 Granada
60%
Colombia 56065 Granada
60%
Colombia 10117 Granada
60%
Colombia 9253 Granada
60%
Austria 292630 Graz
60%
United States 12484 Grenada
60%
Mexico 5525000 Guadalajara
60%
Spain 161683 Guadalajara
60%
Ecuador 3094420 Guayaquil
60%
Botswana 235884 Gaborone
50%
Ireland 83456 Galway
50%
Greece 20918 Gázi
50%
Belgium 41146 Geel
50%
Australia 180239 Geelong
50%
Germany 265885 Gelsenkirchen
50%
Germany 94847 Gera
50%
Australia 607665 Gold Coast
50%
France 156389 Grenoble
50%
Netherlands 233273 Groningen
50%
Suriname 2818 Groningen
50%
Guatemala 3014000 Guatemala City
50%
Hungary 246159 Győr
50%
Sri Lanka 93118 Galle
40%
China 7396873 Ganzhou
40%
Russia 41619 Gay
40%
Turkey 2130432 Gaziantep
40%
Gibraltar 34003 Gibraltar
40%
Spain 268561 Gijón
40%
United Kingdom 104157 Gillingham
40%
United Kingdom 11505 Gillingham
40%
Colombia 152582 Girón
40%
Spain 156423 Girona
40%
Burundi 135467 Gitega
40%
Burundi 23167 Gitega
40%
Poland 174016 Gliwice
40%
Brazil 1093007 Goiânia
40%
Congo (Kinshasa) 249862 Goma
40%
Germany 120261 Göttingen
40%
United States 227679 Green Bay
40%
United States 21333 Gallup
30%
United States 202810 Galveston
30%
Mexico 234698 García
30%
United States 170603 Garden Grove
30%
United States 32502 Garfield
30%
United States 245298 Garland
30%
United States 68604 Gary
30%
United States 189767 Gastonia
30%
Canada 291041 Gatineau
30%
Nepal 34937 Gaur
30%
India 70081 Gaura
30%
India 20821 Gaura
30%
India 12789 Gaura
30%
Sweden 86533 Gävle
30%
Poland 245222 Gdynia
30%
Belgium 265086 Gent
30%
India 14273 Ghaura
30%
Germany 94996 Gießen
30%
United States 271118 Gilbert
30%
United States 33278 Gillette
30%
United States 250193 Glendale
30%
United States 192270 Glendale
30%
United States 13134 Glendale
30%
United States 51350 Glendora
30%
Philippines 71368 Goa
30%
United States 20467 Golden
30%
India 9815 Gorha
30%
United States 34374 Goshen
30%
United States 14463 Goshen
30%
South Africa 967677 Gqeberha
30%
South Africa 967677 Gqeberha
30%
United States 19771 Grafton
30%
United States 12274 Grafton
30%
Australia 10408 Grafton
30%
Canada 69025 Granby
30%
United States 68853 Grand Forks
30%
United States 141008 Grand Junction
30%
United States 198564 Grand Prairie
30%
United States 611480 Grand Rapids
30%
United States 11186 Grand Rapids
30%
United Kingdom 66843 Grays
30%
United States 66175 Great Falls
30%
United States 14854 Great Falls
30%
United States 37361 Greenfield
30%
United States 24308 Greenfield
30%
United States 19759 Greenfield
30%
United States 64237 Greenwood
30%
United States 22527 Greenwood
30%
United States 13983 Greenwood
30%
United States 9570 Greenwood
30%
United States 112818 Gresham
30%
Mexico 691931 Guadalupe
30%
Mexico 170029 Guadalupe
30%
Colombia 22867 Guadalupe
30%
Costa Rica 20663 Guadalupe
30%
Brazil 10270 Guadalupe
30%
Sao Tome and Principe 7604 Guadalupe
30%
Venezuela 35000 Guanta
30%
Cuba 228436 Guantánamo
30%
Brazil 20911 Guará
30%
Canada 144356 Guelph
30%
Canada 13904 Guelph/Eramosa
30%
Pakistan 2027001 Gujranwala
30%
United States 231754 Gulfport
30%
United States 11735 Gulfport
30%
Germany 102464 Gütersloh
30%
United States 33617 Gadsden
20%
United States 35438 Gahanna
20%
Romania 217851 Galaţi
20%
United States 29653 Galesburg
20%
United States 46667 Gallatin
20%
United States 25665 Galt
20%
Mali 49483 Gao
20%
United States 59765 Gardena
20%
United States 27781 Garden City
20%
United States 26910 Garden City
20%
United States 22866 Garden City
20%
United States 12483 Garden City
20%
United States 10820 Garden City
20%
United States 10375 Garden City
20%
United States 29369 Garfield Heights
20%
Benin 16235 Garou
20%
Cameroon 600000 Garoua
20%
Canada 15163 Gaspé
20%
Russia 91719 Gatchina
20%
United States 29138 Gates
20%
United Kingdom 120046 Gateshead
20%
Turkey 407019 Gebze
20%
Russia 80706 Gelendzhik
20%
Philippines 697315 General Santos
20%
Australia 32717 Geraldton
20%
Spain 189906 Getafe
20%
Philippines 33422 Getafe
20%
India 2375820 Ghāziābād
20%
India 121020 Ghazīpur
20%
Germany 9747 Giesen
20%
Germany 19296 Gilching
20%
United States 115448 Gilroy
20%
Germany 75799 Gladbeck
20%
Russia 87762 Glazov
20%
Germany 35520 Goch
20%
Hungary 21876 Göd
20%
United States 33448 Goldsboro
20%
India 11524 Golet
20%
United States 32693 Goleta
20%
Uganda 15196 Gombe
20%
Nigeria 430000 Gombe
20%
Mexico 327985 Gómez Palacio
20%
India 18000 Gondar
20%
United States 102891 Goodyear
20%
Germany 59300 Göppingen
20%
Poland 11173 Góra
20%
Georgia 44524 Gori
20%
Mali 10760 Gori
20%
Russia 63214 Gorno-Altaysk
20%
Indonesia 191897 Gorontalo
20%
Poland 119964 Gorzów Wielkopolski
20%
Germany 50253 Goslar
20%
Australia 24565 Goulburn
20%
Canada 64141 Grande Prairie
20%
United States 52761 Grand Island
20%
United States 21441 Grand Island
20%
United States 39183 Grants Pass
20%
United States 50875 Grapevine
20%
Brazil 86516 Gravatá
20%
Brazil 232629 Gravataí
20%
United States 14596 Great Bend
20%
United States 143554 Greeley
20%
United States 43871 Greenacres
20%
United States 14777 Greensburg
20%
United States 11585 Greensburg
20%
Germany 60071 Greifswald
20%
United Kingdom 88243 Grimsby
20%
Canada 28883 Grimsby
20%
Germany 26614 Groß-Gerau
20%
United States 11265 Groton
20%
United States 41831 Grove City
20%
Poland 90890 Grudziądz
20%
Mexico 194500 Guanajuato
20%
Brazil 182093 Guarapuava
20%
Venezuela 200417 Guarenas
20%
Brazil 311230 Guarujá
20%
Brazil 1324781 Guarulhos
20%
Mexico 156863 Guaymas
20%
Russia 83766 Gubkin
20%
China 4931137 Guilin
20%
China 3299724 Guiyang
20%
Pakistan 390533 Gujrat
20%
India 670073 Guntūr
20%
India 876824 Gurgaon
20%
India 1116267 Guwāhāti
20%
India 1069276 Gwalior
20%
Korea, South 1490092 Gwangju
20%
Korea, South 397269 Gwangju
20%
Morocco 9497 Gaada
10%
United States 69225 Gaithersburg
10%
Mexico 38930 Galeana
10%
Turkey 31782 Gallipoli
10%
Italy 19561 Gallipoli
10%
United States 37780 Galloway
10%
Japan 80063 Gamagōri
10%
Angola 235486 Ganda
10%
Philippines 35242 Gandara
10%
Canada 11880 Gander
10%
China 47500 Gaocheng
10%
China 1328657 Gaozhou
10%
France 40656 Gap
10%
Germany 61594 Garbsen
10%
United States 24020 Gardner
10%
United States 21075 Gardner
10%
Argentina 59335 Garín
10%
Bulgaria 14439 Garmen
10%
Germany 23112 Garmisch-Partenkirchen
10%
United States 32543 Garner
10%
India 13084 Gaurhāti
10%
Germany 21435 Gauting
10%
India 474093 Gaya
10%
Niger 45465 Gaya
10%
Italy 71217 Gela
10%
Germany 23841 Gelnhausen
10%
Belgium 66110 Genk
10%
Guatemala 46294 Génova
10%
Colombia 10127 Génova
10%
Russia 61543 Georgiyevsk
10%
United States 90521 Germantown
10%
United States 40812 Germantown
10%
United States 20940 Germantown
10%
Germany 41822 Germering
10%
Germany 21295 Germersheim
10%
Philippines 94485 Gerona
10%
France 13455 Gex
10%
Malta 1539 Għarb
10%
Germany 43941 Gifhorn
10%
Japan 400118 Gifu
10%
Spain 13524 Gines
10%
New Zealand 34527 Gisborne
10%
Australia 8999 Gisborne
10%
Rwanda 53603 Gisenyi
10%
Romania 54551 Giurgiu
10%
Australia 34703 Gladstone
10%
United States 27069 Gladstone
10%
United States 11986 Gladstone
10%
Philippines 109547 Glan
10%
Germany 21807 Glauchau
10%
United States 72772 Glen Burnie
10%
United States 28101 Glen Cove
10%
United States 32864 Glendale Heights
10%
United States 28270 Glen Ellyn
10%
United States 70005 Glens Falls
10%
United States 47682 Glenview
10%
Philippines 50496 Gloria
10%
Brazil 15524 Glória
10%
Ethiopia 49309 Goba
10%
Ethiopia 350000 Godē
10%
Japan 19361 Gōdo
10%
Benin 253262 Godomè
10%
Netherlands 38950 Goes
10%
Japan 26998 Gojō
10%
India 9100 Gok
10%
Germany 10300 Goldbach
10%
China 215214 Golmud
10%
Haiti 356324 Gonaïves
10%
Ethiopia 80886 Gonder
10%
United States 46964 Goose Creek
10%
India 673446 Gorakhpur
10%
India 13068 Gorakhpur
10%
Ethiopia 9352 Gorē
10%
United States 18192 Gorham
10%
Germany 56694 Görlitz
10%
United Kingdom 71529 Gosport
10%
Germany 46300 Gotha
10%
Japan 34425 Gotō
10%
United States 35090 Graham
10%
United States 17537 Graham
10%
United States 8758 Graham
10%
United States 10966 Grand Haven
10%
United States 26670 Granite City
10%
United Kingdom 34592 Grantham
10%
United States 9106 Grants
10%
France 12799 Granville
10%
United States 14126 Grass Valley
10%
United States 95841 Greece
10%
United States 93961 Greenburgh
10%
United States 9863 Greencastle
10%
United States 14656 Greendale
10%
United States 18460 Greene
10%
United Kingdom 46787 Greenford
10%
United Kingdom 41990 Greenock
10%
United States 11679 Green River
10%
United States 39191 Greer
10%
Germany 20220 Greiz
10%
Switzerland 17140 Grenchen
10%
United States 17468 Gretna
10%
United States 9117 Gretna
10%
New Zealand 7965 Greymouth
10%
United States 23650 Griffin
10%
Australia 18196 Griffith
10%
United States 16228 Griffith
10%
United States 15810 Grimes
10%
Germany 28269 Grimma
10%
Germany 50151 Gronau
10%
Germany 10306 Großburgwedel
10%
United States 20621 Groveland
10%
United States 12687 Grover Beach
10%
Germany 14169 Grünstadt
10%
South Georgia and South Sandwich Islands 99 Grytviken
10%
Brazil 8918 Guarani
10%
Mexico 86361 Guasave
10%
Russia 66352 Gudermes
10%
Argentina 52529 Guernica
10%
China 4316262 Guigang
10%
Japan 38747 Gujō
10%
Germany 51845 Gummersbach
10%
India 180935 Guna
10%
Germany 12052 Gundelfingen
10%
United States 8771 Guntersville
10%
Germany 17237 Gunzenhausen
10%
United States 30486 Gurnee
10%
Brazil 23098 Gurupá
10%
Germany 29582 Güstrow
10%
United States 11638 Guttenberg
10%
China 70098 Guzhou
10%
Zimbabwe 158200 Gweru
10%
Armenia 121976 Gyumri
10%
Somalia 745000 Gaalkacyo
0%
Philippines 38958 Gabaldon
0%
Botswana 14842 Gabane
0%
China 27742 Gabasumdo
0%
Angola 271843 Gabela
0%
Tunisia 167863 Gabès
0%
Bulgaria 51398 Gabrovo
0%
Guinea-Bissau 43556 Gabú
0%
Colombia 17026 Gachancipá
0%
Colombia 11086 Gachetá
0%
Bosnia and Herzegovina 8990 Gacko
0%
India 172813 Gadag
0%
Pakistan 17540 Gadani
0%
India 30753 Gadarpur
0%
India 51736 Gādarwāra
0%
India 8688 Gadaul
0%
India 229644 Gadda Madiral
0%
India 26751 Gadhada
0%
Somalia 10000 Gadoon
0%
India 63177 Gadwāl
0%
Russia 9088 Gadzhiyevo
0%
Serbia 8389 Gadžin Han
0%
Romania 12583 Găeşti
0%
Italy 19423 Gaeta
0%
Portugal 14021 Gafanha da Nazaré
0%
United States 12612 Gaffney
0%
Tunisia 10272 Gafour
0%
Tunisia 120739 Gafsa
0%
Russia 25374 Gagarin
0%
Uzbekistan 15200 Gagarin Shahri
0%
United States 10706 Gages Lake
0%
Germany 30190 Gaggenau
0%
Italy 9272 Gaggiano
0%
Sweden 10328 Gagnef
0%
Côte d’Ivoire 277044 Gagnoa
0%
France 40790 Gagny
0%
Pakistan 20000 Gahi Mammar
0%
Rwanda 46009 Gahini
0%
India 25994 Gahmar
0%
Bangladesh 59289 Gaibandha
0%
Panama 10 Gaigirgordub
0%
Germany 12361 Gaildorf
0%
France 16080 Gaillac
0%
France 11054 Gaillard
0%
Germany 12436 Gaimersheim
0%
India 9270 Gainrha
0%
United Kingdom 20536 Gainsborough
0%
Philippines 11584 Gainza
0%
India 10685 Gairtganj
0%
China 559271 Gaizhou
0%
India 37258 Gajendragarh
0%
India 12153 Gajhara
0%
India 10568 Gajiginhālu
0%
India 24961 Gajwel
0%
South Africa 9879 Ga-Kgapane
0%
Pakistan 10142 Gakuch
0%
Tunisia 18225 Galaat el Andeless
0%
Slovakia 15277 Galanta
0%
Uzbekistan 12600 Galaosiyo Shahri
0%
Colombia 60708 Galapa
0%
Spain 34834 Galapagar
0%
United Kingdom 13000 Galashiels
0%
India 15000 Galatge
0%
Italy 25885 Galatina
0%
Italy 15095 Galatone
0%
Greece 57909 Galátsi
0%
Morocco 15201 Galaz
0%
Algeria 11170 Galbois
0%
Spain 24774 Galdácano
0%
Spain 24811 Gáldar
0%
Indonesia 8760 Galela
0%
United States 10527 Galena Park
0%
Colombia 21548 Galeras
0%
Sri Lanka 63273 Galgamuwa
0%
Sri Lanka 18507 Galhinna
0%
Russia 12856 Galich
0%
Iran 23394 Gālīkesh
0%
Philippines 10244 Galimuyod
0%
United States 10358 Galion
0%
India 16344 Gālivedu
0%
Nepal 39277 Galkot
0%
Uzbekistan 24700 G’allaorol Shahri
0%
Italy 52811 Gallarate
0%
Iran 9982 Galleh Dār
0%
Italy 15587 Galliate
0%
Belgium 8725 Galmaarden
0%
Niger 13888 Galmi
0%
India 10700 Galsi
0%
Denmark 9177 Galten
0%
Iran 21352 Galūgāh
0%
Dominican Republic 15702 Galván
0%
Chile 11996 Galvarino
0%
Argentina 20100 Gálvez
0%
India 8569 Gamail
0%
Colombia 12444 Gamarra
0%
Philippines 23367 Gamay
0%
Gabon 10 Gamba
0%
Ethiopia 97643 Gambēla
0%
Italy 10682 Gambettola
0%
Gambia, The 10102 Gambissara
0%
Italy 9730 Gambolò
0%
Congo (Brazzaville) 26053 Gamboma
0%
Central African Republic 13048 Gamboula
0%
Brazil 18214 Gameleira
0%
India 10826 Gamharia
0%
India 9575 Gamharia
0%
Tunisia 15000 Gammarth
0%
Morocco 10675 Gammasa
0%
Sri Lanka 62797 Gampaha
0%
Sri Lanka 37871 Gampola
0%
Liechtenstein 1663 Gamprin
0%
Philippines 30655 Gamu
0%
India 45417 Ganapathivattam
0%
India 12084 Ganapatipālaiyam
0%
India 21457 Ganapavaram
0%
India 12859 Ganapavaram
0%
India 11749 Ganapavaram
0%
India 10029 Ganapavaram
0%
India 9250 Ganāram
0%
Philippines 30802 Ganassi
0%
Congo (Kinshasa) 146217 Gandajika
0%
Sri Lanka 12254 Gandara West
0%
India 18111 Gāndarbal
0%
Germany 32149 Ganderkesee
0%
India 15843 Gandevi
0%
India 11432 Gandhāri
0%
India 248705 Gāndhīdhām
0%
India 9220 Gandhwāni
0%
Spain 80095 Gandía
0%
India 9248 Gandikunta
0%
India 9611 Gāndlapenta
0%
Sierra Leone 12288 Gandorhun
0%
Brazil 32178 Gandu
0%
China 25899 Gandujie
0%
India 16175 Ganeshpur
0%
India 12812 Ganga
0%
India 9543 Gangādhar
0%
India 13837 Gangaikondān
0%
India 8708 Gangājalghāti
0%
India 75017 Gangammapeta
0%
India 237780 Gangānagar
0%
India 9777 Gangania
0%
India 8867 Gangapatnam
0%
India 15129 Gangāpur
0%
India 9459 Gangāpur
0%
India 9827 Gangāpur Athar
0%
India 56217 Gangārāmpur
0%
India 10340 Ganga Sāgar
0%
India 9803 Gangaur
0%
India 9220 Gangaura Behra
0%
India 13803 Gangavalli
0%
India 105529 Gangāwati
0%
Germany 13388 Gangelt
0%
Korea, South 210456 Gangneung
0%
India 13014 Gangoli
0%
China 37244 Gangshangcun
0%
India 100286 Gangtok
0%
India 9757 Gangūru
0%
India 13981 Ganguvārpatti
0%
China 18130 Gangwuzhen
0%
India 14938 Ganjām
0%
China 26224 Ganjing
0%
China 59239 Gannan
0%
India 20728 Gannavaram
0%
South Africa 11598 Gansbaai
0%
Austria 11404 Gänserndorf
0%
Belgium 25234 Ganshoren
0%
Liberia 41106 Ganta
0%
Haiti 71261 Ganthier
0%
United States 15057 Gantt
0%
Benin 10280 Ganvié
0%
China 13492 Ganxi
0%
Israel 22453 Gan Yavne
0%
South Africa 19290 Ganyesa
0%
China 24236 Ganzhu
0%
China 528903 Gaobeidian
0%
China 18210 Gaocun
0%
China 10725 Gaohucun
0%
China 23784 Gaojiayingcun
0%
China 9967 Gaolingcun
0%
China 80840 Gaoliying Ercun
0%
China 868715 Gaomi
0%
China 17878 Gaoniang
0%
China 2174000 Gaoping
0%
China 453054 Gaoping
0%
Taiwan 22687 Gaoshu
0%
China 28149 Gaotan
0%
Burkina Faso 45284 Gaoua
0%
Burkina Faso 45189 Gaoua
0%
Guinea 7461 Gaoual
0%
China 25993 Gaoya
0%
China 52129 Gaoyi
0%
China 709572 Gaoyou
0%
Philippines 122968 Gapan
0%
India 10528 Garag
0%
Colombia 16944 Garagoa
0%
India 29260 Garaimāri
0%
Mali 38900 Garalo
0%
Burkina Faso 45150 Garango
0%
Brazil 142506 Garanhuns
0%
Brazil 11601 Gararu
0%
Italy 26793 Garbagnate Milanese
0%
Somalia 43000 Garbahaarrey
0%
Brazil 44532 Garça
0%
France 17705 Garches
0%
Germany 8837 Garching an der Alz
0%
Germany 17577 Garching bei München
0%
Philippines 29436 Garchitorena
0%
Philippines 24430 Garcia Hernandez
0%
Iceland 18891 Garðabær
0%
France 21534 Gardanne
0%
Germany 21926 Gardelegen
0%
United States 10417 Garden Acres
0%
United States 16110 Gardendale
0%
United States 12130 Gardere
0%
Afghanistan 70641 Gardēz
0%
United States 12185 Gardnerville Ranchos
0%
Italy 11360 Gardone Val Trompia
0%
Hungary 13750 Gárdony
0%
Croatia 8624 Garešnica
0%
United Kingdom 19811 Garforth
0%
France 42388 Garges-lès-Gonesse
0%
Lithuania 15932 Gargždai
0%
India 36119 Garhākota
0%
India 24397 Garhara
0%
India 75544 Garhi
0%
India 12962 Garhi
0%
India 10197 Garhi
0%
India 14741 Garhpura
0%
India 19995 Garhshankar
0%
India 12603 Garh Sisai
0%
India 46059 Garhwa
0%
India 30520 Gariadhar
0%
Brazil 34335 Garibaldi
0%
Kenya 65881 Garissa
0%
India 10879 Garkha
0%
Italy 9504 Garlasco
0%
Lithuania 10110 Garliava
0%
Iran 22726 Garmdarreh
0%
Iran 10933 Garmeh
0%
Iran 48672 Garmsār
0%
Somalia 485000 Garoowe
0%
Brazil 29959 Garopaba
0%
India 19231 Garot
0%
Cameroon 22882 Garoua Boulaï
0%
Germany 15867 Garrel
0%
United States 10449 Garrison
0%
Spain 10603 Garrucha
0%
India 8781 Garsekurti
0%
South Africa 19501 Garsfontein
0%
United Kingdom 33000 Garston
0%
Germany 12852 Gärtringen
0%
India 85336 Garulia
0%
Argentina 28814 Garupá
0%
Indonesia 127980 Garut
0%
Brazil 11378 Garuva
0%
Poland 17279 Garwolin
0%
Colombia 69823 Garzón
0%
Bhutan 3000 Gasa
0%
Philippines 36197 Gasan
0%
Nigeria 125100 Gashua
0%
Brazil 72570 Gaspar
0%
Dominican Republic 37852 Gaspar Hernández
0%
Trinidad and Tobago 16426 Gasparillo
0%
Italy 9291 Gassino Torinese
0%
Argentina 602 Gastre
0%
Philippines 31141 Gata
0%
India 18893 Gātāda
0%
United States 16058 Gatesville
0%
United States 9603 Gateway
0%
Philippines 58874 Gattaran
0%
Italy 9325 Gatteo
0%
Burundi 11700 Gatumba
0%
Rwanda 41000 Gatunda
0%
India 10043 Gauli Palāsiya
0%
India 13403 Gaundrā
0%
India 10272 Gaunivāripalle
0%
India 67521 Gauravaram
0%
India 9385 Gaurdah
0%
India 11481 Gaurihar Khāliqnagar
0%
India 23477 Gauripur
0%
India 17457 Gautampura
0%
United States 19026 Gautier
0%
Spain 48007 Gavá
0%
Italy 12253 Gavardo
0%
Armenia 20765 Gavarr
0%
Belgium 12769 Gavere
0%
Mali 21986 Gavimané
0%
India 14502 Gavinivāripālem
0%
Italy 9136 Gavirate
0%
Russia 16084 Gavrilov-Yam
0%
India 9568 Gawān
0%
Australia 650 Gawler
0%
India 10383 Gayāspur
0%
Burkina Faso 15170 Gayéri
0%
Uzbekistan 21600 G‘azalkent
0%
Tajikistan 17801 Gazantarak
0%
Turkey 137754 Gaziemir
0%
Turkey 53702 Gazipaşa
0%
Bangladesh 2674697 Gāzipura
0%
Turkmenistan 23454 Gazojak
0%
India 8957 Gāzulapalle
0%
Congo (Kinshasa) 198839 Gbadolite
0%
Benin 12045 Gbanhi
0%
Liberia 34046 Gbarnga
0%
Ghana 74403 Gbawe
0%
Benin 11846 Gbéroubouè
0%
Ethiopia 19830 Gebre Guracha
0%
Sudan 354927 Gedaref
0%
United States 16884 Geddes
0%
Azerbaijan 9161 Gədəbəy
0%
Israel 26217 Gedera
0%
Turkey 26662 Gediz
0%
Netherlands 21770 Geertruidenberg
0%
Germany 12263 Geeste
0%
Germany 32763 Geesthacht
0%
Germany 15329 Gehrden
0%
Germany 28399 Geilenkirchen
0%
Tanzania 33209 Geiro
0%
Germany 11729 Geisenfeld
0%
Germany 11776 Geisenheim
0%
Germany 29261 Geislingen an der Steige
0%
Tanzania 361671 Geita
0%
Netherlands 10860 Geldermalsen
0%
Germany 34604 Geldern
0%
Netherlands 28001 Geldrop
0%
Ethiopia 241200 Gelemso
0%
China 30310 Geliping
0%
United Kingdom 18484 Gelligaer
0%
Spain 10473 Gelves
0%
Belgium 25933 Gembloux
0%
Congo (Kinshasa) 138527 Gemena
0%
Turkey 10195 Gemerek
0%
Netherlands 16820 Gemert
0%
Turkey 120245 Gemlik
0%
Italy 10461 Gemona del Friuli
0%
Belgium 15353 Genappe
0%
France 13446 Genas
0%
Turkey 20763 Genç
0%
Azerbaijan 331400 Gəncə
0%
Mali 8724 Gendou
0%
Netherlands 9700 Genemuiden
0%
Argentina 12583 General Acha
0%
Argentina 29909 General Alvear
0%
Argentina 9812 General Alvear
0%
Argentina 16350 General Arenales
0%
Argentina 20791 General Belgrano
0%
Argentina 14415 General Cabrera
0%
Brazil 11062 General Carneiro
0%
Argentina 5484 General Conesa
0%
Argentina 18000 General Deheza
0%
Philippines 23973 General Emilio Aguinaldo
0%
Argentina 13118 General Enrique Mosconi
0%
Paraguay 972 General Eugenio A. Garay
0%
Argentina 31758 General José de San Martín
0%
Argentina 18089 General Juan Madariaga
0%
Argentina 18022 General Las Heras
0%
Philippines 24804 General Luna
0%
Philippines 22853 General Luna
0%
Philippines 14411 General MacArthur
0%
Philippines 44311 General Mamerto Natividad
0%
Philippines 172433 General Mariano Alvarez
0%
Argentina 47348 General Martín Miguel de Güemes
0%
Philippines 34225 General Nakar
0%
Argentina 43287 General Pacheco
0%
Mexico 23526 General Pánfilo Natera
0%
Argentina 57669 General Pico
0%
Argentina 15741 General Pinedo
0%
Argentina 136 General Roca
0%
Argentina 85315 General Rodríguez
0%
Brazil 10312 General Salgado
0%
Argentina 28339 General San Martín
0%
Philippines 55925 General Tinio
0%
Philippines 450583 General Trias
0%
Argentina 22649 General Viamonte
0%
Argentina 35251 General Villegas
0%
United States 10334 Geneseo
0%
Ethiopia 25593 Genet
0%
Germany 10984 Gengenbach
0%
China 10221 Gengqing
0%
China 57617 Gengzhuangqiaocun
0%
China 120942 Genhe
0%
Netherlands 17035 Gennep
0%
France 50874 Gennevilliers
0%
Belgium 15957 Gentbrugge
0%
Germany 13646 Genthin
0%
France 18883 Gentilly
0%
Brazil 10884 Gentio do Ouro
0%
Italy 22865 Genzano di Roma
0%
United States 9954 George Mason
0%
Canada 11100 Georgian Bluffs
0%
Canada 47642 Georgina
0%
Germany 32022 Georgsmarienhütte
0%
Belgium 33403 Geraardsbergen
0%
Greece 29939 Gérakas
0%
Austria 11155 Gerasdorf bei Wien
0%
Iran 34469 Gerāsh
0%
Iran 18309 Gerd Farāmarz Shāhedīyeh
0%
Turkey 23547 Gerede
0%
Germany 25863 Geretsried
0%
United States 8567 Gering
0%
Argentina 64640 Gerli
0%
Germany 19774 Gerlingen
0%
United States 12186 German Flatts
0%
Cyprus 13421 Germasógeia
0%
Turkey 44172 Germencik
0%
Iran 28967 Germī
0%
South Africa 255863 Germiston
0%
Germany 14438 Gernsbach
0%
Germany 11006 Gernsheim
0%
Belgium 12660 Gerpinnes
0%
Germany 11852 Gerstetten
0%
Germany 23492 Gersthofen
0%
Germany 8915 Gerstungen
0%
France 10268 Gerzat
0%
Turkey 19144 Gerze
0%
Germany 17467 Gescher
0%
Germany 21749 Geseke
0%
Italy 8773 Gessate
0%
Ethiopia 13927 Gesuba
0%
India 11237 Gethaura
0%
Brazil 11287 Getulina
0%
Brazil 16602 Getúlio Vargas
0%
Turkey 26918 Gevaş
0%
Germany 31198 Gevelsberg
0%
North Macedonia 4967 Gevgelija
0%
China 122917 Gexianzhuang
0%
Bhutan 9858 Geylegphug
0%
Turkey 50799 Geyve
0%
Syria 11802 Ghabāghib
0%
Syria 9748 Ghabrah
0%
Libya 10000 Ghadāmis
0%
Tajikistan 20600 Ghafurov
0%
India 10839 Ghagga
0%
Malta 3200 Għajnsielem
0%
India 11563 Ghal Kalān
0%
India 11545 Ghambiraopet
0%
India 195891 Ghāndīnagar
0%
India 9422 Ghanīpur Bejha
0%
India 10890 Ghanpur
0%
Botswana 21420 Ghanzi
0%
India 107676 Gharbara
0%
Morocco 12838 Gharbia
0%
Algeria 120000 Ghardaïa
0%
Tunisia 19574 Ghardimaou
0%
India 10000 Ghargaon
0%
Malta 2768 Għargħur
0%
Syria 9784 Ghāriyah al Gharbīyah
0%
India 10369 Gharyāla
0%
Libya 187854 Gharyān
0%
Malta 424 Għasri
0%
India 54591 Ghātāl
0%
India 26594 Ghatāro Chaturbhuj
0%
India 10072 Ghatāwān
0%
India 9067 Ghāt Borūl
0%
India 19763 Ghatkesar
0%
India 10608 Ghattu
0%
India 9213 Ghattupal
0%
Malta 4722 Għaxaq
0%
Algeria 33774 Ghazaouet
0%
Afghanistan 143379 Ghaznī
0%
Italy 18497 Ghedi
0%
Romania 15884 Gheorgheni
0%
Romania 19873 Gherla
0%
Eritrea 11560 Ghinda’e
0%
India 18000 Ghogaon
0%
India 19174 Ghogardīha
0%
India 12208 Ghogha
0%
India 8788 Gholia Kalān
0%
Tunisia 9568 Ghomrassen
0%
Tajikistan 17000 Ghonchí
0%
India 12170 Ghorādal
0%
India 13000 Ghorādongri
0%
Pakistan 14410 Ghora Gali
0%
Nepal 156164 Ghorāhī
0%
India 8869 Ghorbanki
0%
India 13417 Ghordaur
0%
Afghanistan 54000 Ghōriyān
0%
India 19229 Ghosāi
0%
India 9427 Ghosrāwān
0%
India 10590 Ghoswāri
0%
Pakistan 10000 Ghota Fatehgarh
0%
India 24838 Ghoti Budrukh
0%
Pakistan 119879 Ghotki
0%
Morocco 16405 Ghouazi
0%
Algeria 22151 Ghriss
0%
Pakistan 32000 Ghuenke
0%
Tajikistan 50200 Ghŭlakandoz
0%
China 542507 Ghulja
0%
India 9736 Ghusiya
0%
Vietnam 61413 Gia Nghĩa
0%
Greece 30498 Giannitsá
0%
Greece 12277 Giánnouli
0%
Vietnam 166324 Giá Rai
0%
Italy 9231 Giardini
0%
Italy 26510 Giarre
0%
Italy 16223 Giaveno
0%
Cuba 71126 Gibara
0%
Spain 13144 Gibraleón
0%
Canada 9603 Gibsons
0%
United States 18831 Gibsonton
0%
United States 9289 Gibsonville
0%
Niger 8582 Gidan Idèr
0%
India 35150 Giddalūr
0%
India 65370 Giddarbāha
0%
India 9068 Gidha
0%
India 18025 Gidi
0%
India 28884 Gidri
0%
France 13431 Gien
0%
Germany 20358 Giengen an der Brenz
0%
United Kingdom 12300 Giffnock
0%
Italy 11520 Giffoni Valle Piana
0%
France 22578 Gif-sur-Yvette
0%
Colombia 35498 Gigante
0%
Philippines 21849 Gigaquit
0%
United States 12202 Gig Harbor
0%
Philippines 8712 Gigmoto
0%
France 10030 Gignac-la-Nerthe
0%
Uzbekistan 43400 G’ijduvon Shahri
0%
Rwanda 16695 Gikongoro
0%
Iran 22331 Gīlān-e Gharb
0%
India 25897 Gilarchāt
0%
Brazil 10892 Gilbués
0%
Pakistan 8851 Gilgit
0%
South Africa 8661 Gillitts
0%
Ethiopia 30981 Gīmbī
0%
Korea, South 352683 Gimpo
0%
Japan 25752 Ginan
0%
Philippines 16906 Ginatilan
0%
Colombia 21815 Ginebra
0%
India 28051 Gingee
0%
Australia 852 Gingin
0%
Philippines 136698 Gingoog
0%
Ethiopia 17102 Gīnīr
0%
Italy 21820 Ginosa
0%
Japan 99256 Ginowan
0%
Germany 17143 Ginsheim-Gustavsburg
0%
Italy 26562 Gioia del Colle
0%
Italy 19179 Gioia Tauro
0%
Italy 19366 Giovinazzo
0%
Philippines 13117 Giporlos
0%
United States 9521 Girard
0%
Colombia 129834 Girardot
0%
Colombia 51662 Girardota
0%
Brazil 36102 Girau do Ponciano
0%
Turkey 125682 Giresun
0%
India 17131 Giria
0%
Romania 17999 Giroc
0%
Brazil 16013 Giruá
0%
Sweden 10231 Gislaved
0%
France 12395 Gisors
0%
Belgium 12106 Gistel
0%
Poland 18475 Giszowiec
0%
Philippines 17920 Gitagum
0%
Rwanda 87613 Gitarama
0%
Italy 123679 Giugliano in Campania
0%
Italy 23369 Giulianova
0%
Italy 25956 Giussano
0%
Israel 59518 Givatayim
0%
Israel 25298 Giv‘at Shemu’él
0%
France 20943 Givors
0%
South Africa 25954 Giyani
0%
Ethiopia 37878 Giyon
0%
Solomon Islands 6154 Gizo
0%
Poland 28233 Giżycko
0%
Kosovo 94556 Gjakovë
0%
Kosovo 90178 Gjilan
0%
Albania 19836 Gjirokastër
0%
Norway 20589 Gjøvik
0%
Canada 16915 Glace Bay
0%
Germany 12594 Gladenbach
0%
United States 14657 Gladeview
0%
Switzerland 13106 Gland
0%
Netherlands 16715 Glanerbrug
0%
Ireland 9903 Glanmire
0%
Switzerland 5996 Glarus
0%
United States 23375 Glassboro
0%
United States 17687 Glassmanor
0%
United Kingdom 8932 Glastonbury
0%
Benin 124431 Glazoué
0%
Austria 10763 Gleisdorf
0%
United States 16630 Glen Allen
0%
United States 13521 Glen Carbon
0%
South Africa 17548 Glencoe
0%
New Zealand 9750 Glencoe
0%
United States 8715 Glencoe
0%
United Kingdom 9643 Glenfield
0%
United States 16529 Glenmont
0%
United States 14896 Glenn Dale
0%
United States 17175 Glenn Heights
0%
Timor-Leste 8133 Gleno
0%
United States 13885 Glenpool
0%
United States 12082 Glen Rock
0%
United Kingdom 38510 Glenrothes
0%
United States 9148 Glens Falls North
0%
United States 9194 Glenshaw
0%
United States 18488 Glenvar Heights
0%
United States 29284 Glenville
0%
United States 8620 Glenwood
0%
United States 10171 Glenwood Springs
0%
Argentina 57878 Glew
0%
Germany 18656 Glinde
0%
Kosovo 58531 Gllogovc
0%
United States 10067 Glocester
0%
Moldova 8676 Glodeni
0%
Poland 64261 Głogów
0%
Poland 10232 Głogów Małopolski
0%
Brazil 29347 Glória do Goitá
0%
United Kingdom 17825 Glossop
0%
United States 11465 Gloucester City
0%
United States 11159 Gloucester Point
0%
United States 15010 Gloversville
0%
Poland 13506 Głowno
0%
Poland 12100 Głubczyce
0%
Poland 13143 Głuchołazy
0%
Germany 10987 Glückstadt
0%
Greece 89597 Glyfáda
0%
Greece 11877 Glyká Nerá
0%
Austria 13191 Gmunden
0%
Germany 9200 Gnarrenburg
0%
Poland 65452 Gniezno
0%
India 53430 Goālpāra
0%
Bangladesh 91675 Goalundo Ghāt
0%
India 10744 Goasi
0%
Ghana 35000 Goaso
0%
Namibia 19101 Gobabis
0%
India 45377 Gobārdānga
0%
India 10641 Gobardhanpur Kanāp
0%
Argentina 80769 Gobernador Gálvez
0%
Argentina 4497 Gobernador Gregores
0%
Argentina 30666 Gobernador Virasora
0%
India 73131 Gobindgarh
0%
India 8682 Gobindpur
0%
India 9547 Gobindpura
0%
Japan 21260 Gobō
0%
Vietnam 151937 Gò Công
0%
United Kingdom 23324 Godalming
0%
Nepal 78018 Godāwari̇̄
0%
India 48850 Godda
0%
Spain 13414 Godella
0%
United States 17743 Godfrey
0%
Greenland 839 Godhavn
0%
India 161925 Godhra
0%
India 9631 Godhra
0%
Somalia 50000 Godinlabe
0%
Benin 12259 Godohou
0%
Hungary 32524 Gödöllő
0%
Argentina 191299 Godoy Cruz
0%
United States 18526 Goffstown
0%
Madagascar 19454 Gogogogo
0%
Benin 117793 Gogounou
0%
South Sudan 44600 Gogrial
0%
Mali 12433 Gogui
0%
India 13297 Goh
0%
India 59706 Gohadi
0%
India 9034 Gohi Bishunpur
0%
India 65708 Gohna
0%
India 12433 Gohpur
0%
India 10257 Gohuma Bairia
0%
Brazil 80055 Goiana
0%
Brazil 13967 Goianápolis
0%
Brazil 71075 Goianésia
0%
Brazil 26741 Goianinha
0%
Brazil 71916 Goianira
0%
Brazil 24071 Goiás
0%
Brazil 12433 Goiatins
0%
Brazil 31130 Goiatuba
0%
Brazil 28437 Goio-Erê
0%
Netherlands 23952 Goirle
0%
Italy 10027 Goito
0%
Pakistan 157863 Gojra
0%
India 253000 Gokāk
0%
India 25851 Gokarn
0%
India 16198 Gokarna
0%
India 16389 Gokavaram
0%
Turkey 10455 Gökçe
0%
Turkey 9783 Gökçeada
0%
Turkey 8673 Gökçebey
0%
Turkmenistan 21465 Gökdepe
0%
India 8628 Gokhulāpur
0%
India 10386 Gokinepalle
0%
Turkey 50676 Göksun
0%
India 83310 Gokulgarh
0%
India 41489 Golāghāt
0%
India 8866 Golakpur
0%
Iran 9205 Golbāf
0%
Turkey 150047 Gölbaşı
0%
Turkey 33373 Gölbaşı
0%
France 8827 Golbey
0%
United Kingdom 24169 Golborne
0%
Turkey 175940 Gölcük
0%
Switzerland 9269 Goldach
0%
Poland 13378 Gołdap
0%
Iran 22693 Goldasht
0%
United States 12488 Gold Canyon
0%
United States 28767 Golden Gate
0%
United States 35042 Golden Glades
0%
United States 10445 Golden Hills
0%
United States 12603 Goldenrod
0%
Germany 10238 Goldenstedt
0%
United States 21927 Golden Valley
0%
Poland 22166 Goleniów
0%
Costa Rica 11284 Golfito
0%
Turkey 16118 Gölhisar
0%
Uzbekistan 12300 G’oliblar Qishlog’i
0%
Russia 22861 Golitsyno
0%
Turkey 25960 Gölköy
0%
India 45768 Gollalagunta
0%
India 23555 Gollapūdi
0%
Turkey 15193 Gölmarmara
0%
Benin 28103 Golo-Djigbé
0%
Iran 47849 Golpāyegān
0%
Iran 10850 Gol Tappeh
0%
Serbia 8331 Golubac
0%
Poland 11722 Golub-Dobrzyń
0%
Montenegro 3110 Golubovci
0%
Angola 33834 Golungo Alto
0%
India 14960 Goluwāli
0%
Turkey 10516 Gölyaka
0%
Russia 13424 Golyshmanovo
0%
Germany 9274 Gomaringen
0%
Indonesia 50200 Gombong
0%
Burkina Faso 15336 Gomboussougou
0%
Turkey 16880 Gömeç
0%
Iran 19191 Gomīshān
0%
Germany 10464 Gommern
0%
India 37734 Gomoh
0%
Benin 12934 Gomparou
0%
Iran 40773 Gonābād
0%
Iran 151910 Gonbad-e Kāvūs
0%
India 173353 Gondal
0%
India 13576 Gondalga
0%
India 8861 Gondauli
0%
India 132821 Gondiā
0%
Portugal 9148 Gondizalves
0%
Portugal 164257 Gondomar
0%
Spain 15103 Gondomar
0%
India 16691 Gonegandla
0%
Turkey 74871 Gönen
0%
India 12049 Goner
0%
France 26959 Gonesse
0%
France 8939 Gonfreville-l’Orcher
0%
Taiwan 31327 Gongguan
0%
India 9444 Gonghaur
0%
China 22375 Gonghe
0%
China 32719 Gonglang
0%
China 30000 Gongyefu
0%
China 862313 Gongzhuling
0%
India 9592 Gonikoppal
0%
Japan 15761 Gonohe
0%
South Africa 11471 Gonubie
0%
Philippines 41680 Gonzaga
0%
Italy 8696 Gonzaga
0%
United States 12748 Gonzales
0%
United States 8526 Gonzales
0%
United States 13861 Gonzalez
0%
Mexico 11212 González
0%
Colombia 8859 González
0%
Argentina 238067 González Catán
0%
Mauritius 20712 Goodlands
0%
United States 17598 Goodlettsville
0%
United Kingdom 13069 Goodmayes
0%
Belgium 9236 Gooik
0%
United Kingdom 19518 Goole
0%
Australia 5439 Goondiwindi
0%
Australia 12900 Goonellabah
0%
India 48658 Gooty
0%
India 11573 Gopālapuram
0%
India 13223 Gopālasamudram
0%
India 67339 Gopālganj
0%
Bangladesh 51346 Gopālganj
0%
India 15371 Gopālnagar
0%
India 12232 Gopālnagar
0%
Bangladesh 50160 Gopālpur
0%
India 13738 Gopālpur
0%
India 8795 Gopālpur
0%
India 20267 Gopavaram
0%
India 59523 Gopichettipālaiyam
0%
Poland 11887 Góra Kalwaria
0%
Azerbaijan 7400 Goranboy
0%
India 24586 Gorantla
0%
India 20008 Gorāya
0%
Bosnia and Herzegovina 12512 Goražde
0%
Chile 14414 Gorbea
0%
Turkey 26458 Gördes
0%
Turkey 18725 Görele
0%
Slovenia 1132 Gorenja Vas
0%
Ireland 11517 Gorey
0%
Iran 9690 Gorgāb
0%
Iran 312223 Gorgān
0%
Italy 21216 Gorgonzola
0%
India 27948 Goriar
0%
India 37947 Goribidnūr
0%
Netherlands 37410 Gorinchem
0%
Armenia 20591 Goris
0%
Slovenia 856 Gorišnica
0%
Italy 33506 Gorizia
0%
Nepal 53285 Gorkhā
0%
United Kingdom 24785 Gorleston-on-Sea
0%
Poland 26405 Gorlice
0%
India 22779 Gormi
0%
United Kingdom 12992 Gornalwood
0%
Bulgaria 29423 Gorna Oryahovitsa
0%
Slovenia 3086 Gornja Radgona
0%
Slovenia 1016 Gornji Grad
0%
Serbia 38985 Gornji Milanovac
0%
Slovenia 411 Gornji Petrovci
0%
Bosnia and Herzegovina 22304 Gornji Vakuf
0%
Russia 10890 Gornozavodsk
0%
Russia 10112 Gornyak
0%
Papua New Guinea 21507 Goroka
0%
Russia 12666 Gorokhovets
0%
Burkina Faso 9752 Gorom-Gorom
0%
United Kingdom 9172 Gorseinon
0%
Turkey 35882 Görükle
0%
Russia 42272 Goryachiy Klyuch
0%
India 12492 Gosaingaon
0%
Japan 24317 Gose
0%
Japan 47262 Gosen
0%
United Kingdom 23620 Gosforth
0%
India 17830 Goshaingaon
0%
Japan 43914 Goshikichō-aihara-minamidani
0%
Japan 50757 Goshogawara
0%
Croatia 11502 Gospić
0%
Switzerland 18171 Gossau
0%
Switzerland 9937 Gossau
0%
North Macedonia 32814 Gostivar
0%
Poland 20210 Gostyń
0%
Poland 17624 Gostynin
0%
Japan 86334 Gotenba
0%
India 17338 Gothini
0%
Pakistan 112335 Goth Tando Sumro
0%
India 9200 Gothurutha
0%
India 13132 Gothva
0%
Bulgaria 33208 Gotse Delchev
0%
Japan 21913 Gōtsuchō
0%
Germany 10999 Gottmadingen
0%
Iran 24216 Gotvand
0%
Austria 11473 Götzis
0%
Benin 13071 Gouandé
0%
Tunisia 15762 Goubellat
0%
Netherlands 73681 Gouda
0%
Senegal 13394 Goudomp
0%
Benin 13765 Gouka
0%
United States 12019 Goulds
0%
Morocco 14624 Goulmima
0%
Benin 23286 Goumori
0%
Mali 24704 Gouna
0%
Benin 10767 Gounarou
0%
Mali 16253 Goundam
0%
Burkina Faso 40144 Gourcy
0%
Niger 14639 Gouré
0%
Mali 26115 Gourma Rharous
0%
United Kingdom 10350 Gourock
0%
Morocco 15952 Gourrama
0%
France 30952 Goussainville
0%
Brazil 11331 Gouvêa
0%
Portugal 14046 Gouveia
0%
France 8934 Gouvieux
0%
India 22576 Govardhan
0%
Brazil 9100 Governador Archer
0%
Brazil 11938 Governador Dix-Sept Rosado
0%
Brazil 10869 Governador Lindenberg
0%
Brazil 247131 Governador Valadares
0%
India 9130 Govindapalle
0%
India 9106 Govindāpuram
0%
India 12800 Govindgarh
0%
Argentina 72304 Goya
0%
Korea, South 1061929 Goyang
0%
Azerbaijan 36200 Göyçay
0%
Azerbaijan 37280 Göygöl
0%
Azerbaijan 10067 Göytəpə
0%
Chad 66107 Goz-Beida
0%
Uzbekistan 8800 G‘ozg‘on
0%
South Africa 35672 Graaff-Reinet
0%
France 9060 Grabels
0%
Germany 12688 Graben-Neudorf
0%
South Africa 44593 Grabouw
0%
Brazil 13801 Graça
0%
Bosnia and Herzegovina 45220 Gračanica
0%
Kosovo 10675 Graçanicë
0%
Australia 11315 Gracemere
0%
Honduras 47622 Gracias
0%
Slovenia 620 Grad
0%
Bosnia and Herzegovina 39340 Gradačac
0%
France 26186 Gradignan
0%
Bosnia and Herzegovina 11122 Gradiška
0%
Spain 9688 Grado
0%
North Macedonia 2219 Gradsko
0%
Germany 13673 Gräfelfing
0%
Germany 11380 Gräfenhainichen
0%
Germany 14348 Grafing bei München
0%
Italy 27960 Gragnano
0%
South Africa 91548 Grahamstown
0%
United States 15967 Grain Valley
0%
Mexico 14159 Grajales
0%
Brazil 70065 Grajaú
0%
Poland 21395 Grajewo
0%
Brazil 40134 Gramado
0%
Italy 12407 Grammichele
0%
Albania 8440 Gramsh
0%
Argentina 36994 Granadero Baigorria
0%
Spain 57143 Granadilla de Abona
0%
Guatemala 14585 Granados
0%
Italy 12757 Granarolo del l’Emilia
0%
United States 11665 Granbury
0%
Mauritius 11910 Grand Baie
0%
Côte d’Ivoire 124567 Grand-Bassam
0%
Argentina 85189 Grand Bourg
0%
France 9722 Grand-Couronne
0%
Haiti 23236 Grande Saline
0%
France 20347 Grande-Synthe
0%
Canada 13853 Grand Falls
0%
Haiti 10852 Grand Gosier
0%
Côte d’Ivoire 28470 Grand-Lahou
0%
Portugal 14826 Grândola
0%
Benin 57636 Grand-Popo
0%
United States 13069 Grand Terrace
0%
Turks and Caicos Islands 3700 Grand Turk
0%
United States 25821 Grandview
0%
United States 11042 Grandview
0%
United States 16135 Grandville
0%
Chile 30320 Graneros
0%
United Kingdom 16650 Grangemouth
0%
United States 30279 Granger
0%
United States 21378 Granite Bay
0%
Brazil 53344 Granja
0%
Spain 64181 Granollers
0%
United States 13637 Grantsville
0%
Brazil 13901 Grão Mogol
0%
France 48669 Grasse
0%
France 13275 Graulhet
0%
Brazil 12435 Gravatal
0%
Netherlands 12486 Grave
0%
France 11451 Gravelines
0%
Canada 12311 Gravenhurst
0%
United Kingdom 74000 Gravesend
0%
Italy 42703 Gravina in Puglia
0%
United States 20707 Grayslake
0%
United Kingdom 11241 Greasley
0%
United Kingdom 14951 Great Baddow
0%
United Kingdom 9757 Great Billing
0%
United Kingdom 11375 Great Bookham
0%
United Kingdom 9950 Great Cornard
0%
United Kingdom 13452 Great Driffield
0%
United Kingdom 10630 Great Dunmow
0%
Canada 15892 Greater Napanee
0%
United Kingdom 10890 Great Harwood
0%
United Kingdom 20719 Great Linford
0%
United Kingdom 9966 Great Missenden
0%
United States 11068 Great Neck
0%
United Kingdom 31579 Great Sankey
0%
United Kingdom 10954 Great Wyrley
0%
United Kingdom 28979 Great Yarmouth
0%
Costa Rica 14859 Grecia
0%
United States 24572 Greenbelt
0%
United States 9937 Green Cove Springs
0%
United States 15531 Greeneville
0%
United States 14986 Greenlawn
0%
United States 11024 Greentree
0%
United States 21581 Green Valley
0%
United States 13187 Green Valley
0%
United States 15485 Greenwood Village
0%
United Kingdom 11389 Greetland
0%
Germany 15069 Grefrath
0%
Denmark 14179 Grenaa
0%
France 9039 Grenade
0%
Germany 15092 Grenzach-Wyhlen
0%
Haiti 25947 Gressier
0%
France 8682 Gretz-Armainvilliers
0%
Germany 38321 Greven
0%
Greece 21421 Grevená
0%
Germany 64588 Grevenbroich
0%
Luxembourg 4981 Grevenmacher
0%
Germany 10398 Grevesmühlen
0%
Canada 9804 Grey Highlands
0%
Ireland 22009 Greystones
0%
South Africa 9090 Greytown
0%
Nicaragua 1307 Greytown
0%
Belgium 13368 Grez-Doiceau
0%
Italy 10722 Grezzana
0%
Italy 12690 Gricignano d’Aversa
0%
Germany 28210 Griesheim
0%
Lithuania 9750 Grigiškės
0%
France 26500 Grigny
0%
France 9851 Grigny
0%
Moldova 9381 Grigoriopol
0%
Portugal 10578 Grijó
0%
Central African Republic 16486 Grimari
0%
Belgium 37355 Grimbergen
0%
Germany 9649 Grimmen
0%
Norway 13304 Grimstad
0%
United States 9527 Grinnell
0%
Spain 10491 Griñón
0%
Brazil 10910 Groaíras
0%
Belgium 11172 Grobbendonk
0%
Germany 19731 Gröbenzell
0%
Poland 33708 Grodzisk Mazowiecki
0%
Poland 15131 Grodzisk Wielkopolski
0%
Netherlands 9119 Groenlo
0%
Netherlands 18870 Groesbeek
0%
Poland 17037 Grójec
0%
Tunisia 27236 Grombalia
0%
South Africa 10619 Groot-Brakrivier
0%
Namibia 26839 Grootfontein
0%
Saint Lucia 21660 Gros Islet
0%
Germany 9148 Großbeeren
0%
Germany 8591 Großbottwar
0%
Germany 18077 Großenhain
0%
Germany 16160 Großenkneten
0%
Germany 8796 Großenlüder
0%
Austria 11817 Groß-Enzersdorf
0%
United States 9957 Grosse Pointe Farms
0%
United States 11394 Grosse Pointe Park
0%
United States 16177 Grosse Pointe Woods
0%
Italy 81321 Grosseto
0%
Germany 9436 Großhansdorf
0%
Germany 8948 Groß Kreutz
0%
Brazil 9924 Grossos
0%
Germany 16388 Großostheim
0%
Germany 9672 Großröhrsdorf
0%
Germany 21018 Groß-Umstadt
0%
Germany 14859 Groß-Zimmern
0%
Slovenia 7703 Grosuplje
0%
Italy 20494 Grottaferrata
0%
Italy 30587 Grottaglie
0%
Italy 15814 Grottammare
0%
South Africa 12638 Groutville
0%
United States 17021 Groves
0%
United States 13563 Groveton
0%
United States 16516 Grovetown
0%
Russia 291687 Groznyy
0%
Italy 36896 Grugliasco
0%
Italy 12141 Grumo Appula
0%
Italy 17145 Grumo Nevano
0%
Germany 13940 Grünberg
0%
Germany 9152 Grünheide
0%
Germany 11442 Grünwald
0%
Russia 43771 Gryazi
0%
Russia 14424 Gryazovets
0%
Poland 15863 Gryfice
0%
Poland 20297 Gryfino
0%
India 11835 Guābāri
0%
Brazil 24543 Guabiruba
0%
Ecuador 22172 Guabo
0%
Venezuela 178000 Guacara
0%
Colombia 35513 Guacarí
0%
Mexico 45544 Guacharachi
0%
Colombia 31856 Guachavés
0%
Colombia 11385 Guachetá
0%
Mexico 14513 Guachochi
0%
Colombia 18845 Guachucal
0%
Costa Rica 20183 Guácima
0%
Costa Rica 41266 Guácimo
0%
Brazil 25492 Guaçuí
0%
Colombia 128945 Guadalajara de Buga
0%
Philippines 20533 Guadalupe Nuevo
0%
Mexico 15041 Guadalupe Victoria
0%
Spain 17062 Guadarrama
0%
Spain 18725 Guadix
0%
Colombia 41142 Guaduas
0%
Philippines 128893 Guagua
0%
Brazil 92924 Guaíba
0%
Brazil 11633 Guaiçara
0%
Honduras 28076 Guaimaca
0%
Cuba 36114 Guáimaro
0%
Brazil 34610 Guaíra
0%
Brazil 32097 Guaíra
0%
Colombia 12011 Guaitarilla
0%
Brazil 38045 Guajará-Mirim
0%
Honduras 14616 Guajiquiro
0%
Guatemala 49709 Gualán
0%
Ecuador 9157 Gualaquiza
0%
Honduras 11295 Gualcince
0%
Italy 14281 Gualdo Tadino
0%
Argentina 43009 Gualeguay
0%
Argentina 109461 Gualeguaychú
0%
Cuba 35516 Guamá Abajo
0%
Colombia 28277 Guamal
0%
Colombia 13857 Guamal
0%
Brazil 15295 Guamaré
0%
Philippines 43552 Guambog
0%
Colombia 31350 Guamo
0%
Mexico 63743 Guamúchil
0%
Cuba 115180 Guanabacoa
0%
Guatemala 17458 Guanagazapa
0%
Cuba 22839 Guanajay
0%
Brazil 87817 Guanambi
0%
Venezuela 112286 Guanare
0%
China 14500 Guanduqiao
0%
Cuba 35718 Guane
0%
China 3205476 Guang’an
0%
China 307215 Guangming
0%
China 66384 Guangping
0%
China 710900 Guangshui
0%
China 2305657 Guangyuan
0%
Brazil 32244 Guanhães
0%
China 1168056 Guankou
0%
China 671200 Guankou
0%
Ecuador 9136 Guano
0%
China 19665 Guantiankan
0%
China 10863 Guantingzhan
0%
Taiwan 27051 Guanxi
0%
China 18514 Guanzhai
0%
Brazil 13772 Guapé
0%
Colombia 29797 Guapí
0%
Brazil 21711 Guapiaçu
0%
Brazil 17879 Guapiara
0%
Costa Rica 36469 Guápiles
0%
Brazil 51696 Guapimirim
0%
Brazil 19545 Guapó
0%
Brazil 57484 Guarabira
0%
Brazil 10778 Guaraci
0%
Brazil 10796 Guaraciaba
0%
Brazil 9753 Guaraciaba
0%
Brazil 42053 Guaraciaba do Norte
0%
Brazil 24775 Guaraí
0%
Paraguay 33208 Guarambaré
0%
Brazil 46711 Guaramirim
0%
Ecuador 30755 Guaranda
0%
Colombia 17422 Guaranda
0%
Brazil 19150 Guaranésia
0%
Brazil 13735 Guaraniaçu
0%
Brazil 124656 Guarapari
0%
Brazil 32346 Guararapes
0%
Brazil 28344 Guararema
0%
Brazil 20700 Guaratinga
0%
Brazil 119073 Guaratinguetá
0%
Brazil 42062 Guaratuba
0%
Portugal 42541 Guarda
0%
Spain 18111 Guardamar del Segura
0%
Brazil 18887 Guareí
0%
Brazil 40487 Guariba
0%
Colombia 51265 Guarne
0%
Mexico 320000 Guasavito
0%
Colombia 15727 Guasca
0%
Venezuela 105000 Guasdualito
0%
Venezuela 21165 Guasipati
0%
Italy 14591 Guastalla
0%
Guatemala 27407 Guastatoya
0%
El Salvador 11721 Guatajiagua
0%
Colombia 9121 Guatapé
0%
Colombia 9603 Guateque
0%
Colombia 12423 Guática
0%
Venezuela 200417 Guatire
0%
Brazil 19884 Guatuba
0%
Brazil 50911 Guaxupé
0%
Colombia 11490 Guayabal
0%
Dominican Republic 37889 Guayacanes
0%
Puerto Rico 17815 Guayama
0%
Bolivia 36008 Guayaramerín
0%
El Salvador 24731 Guaymango
0%
Dominican Republic 16558 Guaymate
0%
Puerto Rico 70087 Guaynabo
0%
Cuba 15000 Guayos
0%
Guatemala 22197 Guazacapán
0%
Russia 22915 Gubakha
0%
Philippines 60294 Gubat
0%
India 22182 Gubbi
0%
Italy 30479 Gubbio
0%
Germany 16210 Guben
0%
Indonesia 133900 Gubeng
0%
Poland 16114 Gubin
0%
Russia 33869 Gubkinskiy
0%
China 11096 Gucheng
0%
India 56886 Gūdalur
0%
India 28995 Gūdalūr
0%
India 9476 Gūdalūr
0%
India 9172 Gūdalūr
0%
Afghanistan 38000 Gūdārah
0%
Germany 10059 Gudensberg
0%
India 9886 Gudgeri
0%
India 10643 Gudibanda
0%
India 8794 Gudibanda
0%
India 13481 Gudikallu
0%
India 9222 Gudimūlakhandrika
0%
China 20051 Guding
0%
India 17076 Gudipallipādu
0%
India 118167 Gudivāda
0%
India 8791 Gudivāda
0%
Malta 2997 Gudja
0%
India 10491 Gudlavalleru
0%
India 8989 Gudlūru
0%
Brazil 10186 Gudofredo Viana
0%
India 14110 Gudūr
0%
India 74037 Gūdūr
0%
India 26142 Gūdūru
0%
France 11090 Guebwiller
0%
Guinea 221715 Guéckédou
0%
Senegal 329659 Guédiawaye
0%
Chad 16320 Guelendeng
0%
Algeria 120004 Guelma
0%
Morocco 126729 Guelmim
0%
Algeria 12567 Gueltat Sidi Saad
0%
Algeria 39168 Guemar
0%
Mali 10094 Guémoukouraba
0%
Benin 25206 Guéné
0%
Senegal 10918 Guéoul
0%
Peru 10 Güeppí
0%
France 16684 Guérande
0%
Morocco 80703 Guercif
0%
France 12814 Guéret
0%
Spain 17033 Guernica y Luno
0%
Mauritania 22323 Guérou
0%
Algeria 15306 Guerouma
0%
Dominican Republic 43963 Guerra
0%
Mexico 13596 Guerrero Negro
0%
Morocco 88676 Gueznaia
0%
Spain 22642 Guía de Isora
0%
Brazil 9824 Guia Lopes da Laguna
0%
France 9203 Guichen
0%
Niger 17525 Guidan Roumdji
0%
France 12236 Guidel
0%
Cameroon 65165 Guider
0%
Portugal 9686 Guifões
0%
Côte d’Ivoire 171454 Guiglo
0%
Venezuela 60000 Güigüe
0%
Philippines 113415 Guiguinto
0%
Philippines 102656 Guihulñgan
0%
United States 36922 Guilderland
0%
United Kingdom 77057 Guildford
0%
United States 14733 Guilford
0%
France 11203 Guilherand
0%
Spain 13279 Guillena
0%
Spain 21716 Güimar
0%
Portugal 156830 Guimarães
0%
Brazil 10290 Guimarães
0%
Philippines 127653 Guimba
0%
Philippines 35022 Guimbal
0%
Benin 11411 Guinagourou
0%
Philippines 44045 Guinayangan
0%
Philippines 34104 Guindulman
0%
Cuba 66892 Güines
0%
Senegal 15627 Guinguinéo
0%
Philippines 85786 Guinobatan
0%
Mali 15988 Guioyo
0%
France 15401 Guipavas
0%
China 1511011 Guiping
0%
Philippines 21738 Guipos
0%
Cuba 37838 Güira de Melena
0%
Brazil 10966 Guiratinga
0%
Mali 19879 Guiré
0%
Cuba 44566 Guisa
0%
United Kingdom 18874 Guisborough
0%
United Kingdom 64000 Guiseley
0%
Morocco 12189 Guisser
0%
Philippines 53361 Guiuan
0%
China 540572 Guixi
0%
France 22643 Gujan-Mestras
0%
Pakistan 103284 Gujar Khan
0%
China 210757 Gujiao
0%
Taiwan 30105 Gukeng
0%
Russia 60361 Gukovo
0%
India 25149 Gulām
0%
Nepal 55747 Gulariyā
0%
Kyrgyzstan 10718 Gülbaar
0%
Uzbekistan 12100 Gulbahor
0%
India 533587 Gulbarga
0%
Latvia 6715 Gulbene
0%
Kyrgyzstan 13755 Gülchö
0%
India 44868 Guledagudda
0%
United States 15785 Gulf Shores
0%
India 11556 Gulgam
0%
China 723490 Guli
0%
Uzbekistan 90398 Guliston
0%
Russia 33175 Gulkevichi
0%
India 13456 Gullapuram
0%
Turkey 27889 Gülnar
0%
India 12026 Gulni
0%
China 2606000 Gulou
0%
Turkey 12474 Gülşehir
0%
Tajikistan 12418 Gulshan
0%
Uganda 152276 Gulu
0%
India 9981 Gūlyam
0%
China 28163 Guma
0%
Philippines 71942 Gumaca
0%
Ghana 12506 Gumani
0%
Turkmenistan 33000 Gumdag
0%
India 30091 Gumdūru
0%
India 48141 Gumia
0%
India 80129 Gumlā
0%
India 21378 Gummudipūndi
0%
Turkey 14582 Gümüşhacıköy
0%
Turkey 39214 Gümüşhane
0%
Turkey 9408 Gümüşova
0%
United States 10424 Gunbarrel
0%
India 9625 Gundi
0%
India 14546 Gundlapelle
0%
India 26368 Gundlupēt
0%
India 11395 Gundrājukuppam
0%
India 11895 Gundugolanu
0%
India 8734 Gundumāl
0%
India 8587 Gundūr
0%
Turkey 9448 Güney
0%
Turkey 9266 Güneysınır
0%
Turkey 8722 Güneysu
0%
Turkey 282692 Güngören
0%
Congo (Kinshasa) 23893 Gungu
0%
India 17376 Gunjāpalle
0%
Gambia, The 17520 Gunjur
0%
Australia 8338 Gunnedah
0%
India 18726 Gunri
0%
India 126270 Guntakal
0%
India 48658 Guntakal Junction
0%
India 8677 Guntapalli
0%
Austria 9179 Guntramsdorf
0%
India 11187 Guntupalle
0%
Indonesia 137104 Gunungsitoli
0%
India 60000 Gunupur
0%
Germany 21865 Günzburg
0%
China 29315 Guotang
0%
Taiwan 17168 Guoxing
0%
China 3321853 Guozhen
0%
India 11594 Guraahai
0%
Dominican Republic 126668 Gurabo al Medio
0%
Romania 13278 Gura Humorului
0%
India 37992 Gurais
0%
India 120564 Gurdāspur
0%
Turkey 81692 Gürgenpınarı
0%
Turkey 12617 Gürgentepe
0%
India 12898 Gurgunta
0%
India 16434 Gurh
0%
Korea, South 180063 Guri
0%
India 8535 Guria
0%
Brazil 14127 Gurinhém
0%
Uzbekistan 27600 Gurlan
0%
India 13078 Gurlapeta
0%
India 8877 Gurmaila
0%
India 22338 Gurmatkāl
0%
India 9076 Gurmia
0%
Turkey 25724 Güroymak
0%
Turkey 31865 Gürpınar
0%
India 15158 Gurramkonda
0%
India 26857 Gursarāi
0%
Turkey 102601 Gürsu
0%
India 18943 Guru Har Sahāi
0%
Turkey 10657 Gürün
0%
Brazil 65034 Gurupi
0%
India 12458 Guruvarājukuppam
0%
India 67006 Guruvāyūr
0%
India 26190 Guruzāla
0%
India 9882 Gurwaliā Biswās
0%
Russia 27751 Guryevsk
0%
Russia 22134 Guryevsk
0%
Korea, South 9099 Guryongpo
0%
China 62700 Gusang
0%
Nigeria 383162 Gusau
0%
Russia 28820 Gusev
0%
Montenegro 1673 Gusinje
0%
Russia 11600 Gusinoozërsk
0%
India 35388 Guskhara
0%
Russia 51552 Gus’-Khrustal’nyy
0%
Italy 10990 Guspini
0%
Italy 16517 Gussago
0%
Saint Barthelemy 2300 Gustavia
0%
Sweden 11333 Gustavsberg
0%
Philippines 36090 Gutalac
0%
China 50000 Gutao
0%
United States 11021 Guthrie
0%
India 13198 Guttal
0%
India 8931 Guttikonda
0%
France 29758 Guyancourt
0%
China 33884 Guying
0%
United States 12596 Guymon
0%
China 1142142 Guyuan
0%
Turkey 37753 Güzelbahçe
0%
Uzbekistan 24500 G‘uzor
0%
Russia 13962 Gvardeysk
0%
Korea, South 64817 Gwacheon
0%
Pakistan 70852 Gwadar
0%
Nigeria 346000 Gwagwalada
0%
Zimbabwe 26700 Gwanda
0%
Korea, South 318021 Gwangmyeongni
0%
Korea, South 152160 Gwangyang
0%
Eritrea 100000 Gwelej
0%
Nigeria 388600 Gwoza
0%
Hungary 24376 Gyál
0%
China 11039 Gyangzê
0%
Ghana 34107 Gyapekurom
0%
Russia 10 Gyda
0%
China 23000 Gyêgu
0%
Korea, South 278500 Gyeongsan
0%
Australia 10803 Gympie
0%
Japan 78488 Gyōda
0%
Hungary 12003 Gyomaendrőd
0%
Hungary 20332 Gyömrő
0%
Hungary 27645 Gyöngyös
0%
Hungary 27834 Gyula
0%
China 8706 Gyümai
0%
Turkmenistan 33000 Gyzylgaya
0%
Malta 8029 Gżira
0%
No matching quizzes found
Score Distribution
Percent of People with Each Score
Percentile by Number Answered
Your Score History
You have not taken this quiz